| 000 | 00926cab a2200277 4500 | ||
|---|---|---|---|
| 001 | ABS60059 | ||
| 008 | 090401t1998 xxu||||| |||| 00| 0 eng d | ||
| 035 | _a(Sirsi) u90800 | ||
| 041 | _aeng | ||
| 245 | _aCongestion charging consultation raises doubts on revenue recycling | ||
| 260 | _c1998 | ||
| 350 | _a0 | ||
| 490 |
_aENDS Report _v(287) December 1998, 33-34(2) |
||
| 520 | _aDiscusses proposals in the government consultation paper on transport "Breaking the logjam". Issues covered include road user charging, motorway charging, workplace parking taxes and local transport plans. | ||
| 650 | _aCONGESTION CHARGING | ||
| 650 | _aDETR | ||
| 650 | _aLOCAL TRANSPORT PLANS | ||
| 650 | _aMOTORWAY CHARGING | ||
| 650 | _aROAD USER CHARGES | ||
| 650 | _aTAXES | ||
| 650 | _aTRANSPORT POLICY | ||
| 650 | _aWORKPLACE PARKING | ||
| 690 | _aTRANSPORT AND COMMUNICATIONS | ||
| 942 | _n0 | ||
| 948 | _c20/01/1999 | ||
| 999 |
_c57593 _d57593 |
||